History of Germany (1519-1871) - Statistics

General Stats
  • This quiz has been taken 40 times
  • The average score is 7 of 15
Answer Stats
Question Answer % Correct
Who was nicknamed 'The Iron Chancellor'? Otto Von Bismarck
88%
Who became emperor of Germany in 1871? William I
85%
Which kingdom was born (formally) in 1701? Kingdom of Prussia
76%
Which country allied with Prussia against Austria in 1866? Italy
65%
In which battle was the Holy Roman Empire defeated by Napoleon in 1805, leading to the dissolution of the German empire the following year? Battle of Austerlitz
62%
Which war, which began with the Prussian invasion of Saxony, was described by Churchill as 'the real First World War'? Seven Years’ War
62%
In which battle was Napoleon defeated in 1813? Battle of Leipzig
56%
In which famous battle was France defeated by Prussia in 1870? Battle of Sedan
47%
Who was the king France from 1515 to 1547, archenemy of Charles I? Francis I
41%
In which city was signed the treaty that ended the Thirty Years War (1618-1648)? Westphalia
38%
What was the name of the confederation of Napoleon's German client states? Confederation of the Rhine
29%
Which war in the Holy Roman Empire involved the major European countries between 1740 and 1748? War of the Austrian Succession
24%
Which treaty ended the above? Treaty of Aix-la-Chapelle
18%
What was the name of the customs union of the German Confederation? Zollverein
9%
Which treaty ended the Italian wars between France, the Holy Roman Empire, Spain, and England in 1559? Peace of Cateau Cambresis
6%
No matching quizzes found
Score Distribution
Percent of People with Each Score
Percentile by Number Answered
Your Score History
You have not taken this quiz